MARC

LEADER 00000nam0a2200000 4500
001 286882
005 20231101235933.0
020 |a RU  |b 85-27227ж 
035 |a (RuTPU)RU\TPU\book\311237 
090 |a 286882 
100 |a 20150311d1984 k y0rusy5003 ca 
101 0 |a rus 
102 |a RU 
105 |a a z 001zy 
200 1 |a Выделение и корреляция основных стратонов мезозоя Западной Сибири  |f Главное тюменское геологическое управление (Главтюменьгеология) ; Западно-Сибирский научно-исследовательский геологоразведочный нефтяной институт (ЗапСибНИГНИ) ; под ред. В. С. Бочкарева 
210 |a Тюмень  |c Изд-во ЗапСибНИГНИ  |d 1984 
215 |a 146 с.  |c ил., 1 л. ил. 
225 1 |a Труды Западно-Сибирского научно-исследовательского геолого-разведочного нефтяного института (ЗапСибНИГНИ)  |v Вып. 188 
320 |a Библиогр. в конце ст. 
606 |a Мезозойские отложения  |2 stltpush  |3 (RuTPU)RU\TPU\subj\41968  |9 61731 
610 1 |a Западно-Сибирская низменность 
610 1 |a стратиграфия 
610 1 |a палеонтология 
610 1 |a стратоны 
610 1 |a выделение 
610 1 |a корреляция 
610 1 |a стратиграфические схемы 
610 1 |a радиологическое датирование 
610 1 |a калий-аргоновый метод 
675 |a 551.76  |z rus  |v 3 
702 1 |a Бочкарев  |b В. С.  |g Владимир Савельевич  |4 340 
712 0 2 |a Главное тюменское геологическое управление (Главтюменьгеология)  |2 stltpush  |3 (RuTPU)RU\TPU\col\11337 
712 0 2 |a Западно-Сибирский научно-исследовательский геологоразведочный нефтяной институт (ЗапСибНИГНИ)  |c (Тюмень)  |2 stltpush  |3 (RuTPU)RU\TPU\col\2064 
801 0 |a RU  |b RuMRKP  |c 19950704  |g psbo 
801 1 |a RU  |b 63413507  |c 20150311 
801 2 |a RU  |b 63413507  |c 20180110  |g RCR 
942 |c BK